Stanovy Revolučného odborového hnutia schválené V. všeodborovým sjazdom

Bibliographic Details
Format: Book
Language:Slovak
PhysicalDescription:62, [2] s. 12°
Published: Bratislava Práca 1964
Subjects:

MARC

LEADER 00000cam a2200000 a 4500
001 vtls008351563
003 SK-MaSNL
005 20260302074507.0
008 251124s1964 xo 000 0 slo
015 |a SNBA1964/06-01247 
035 |a SK01SNK19640043780 
035 |a urn:nbn:sk:snk-am3hiit 
035 |a 01E04B91-C594-4050-920E-EB5ADAF262DE 
035 |a urn:nbn:sk:snk-am00d1jg 
035 |a SKM000046243 
040 |a SNK  |b slo  |c SNK  |e AACR2 
041 0 |a slo 
044 |a xo  |c SK 
080 |a 06.01:331.881(437)  |2 1981 
080 |a 331.881(437)  |2 1981 
245 0 0 |a Stanovy Revolučného odborového hnutia schválené V. všeodborovým sjazdom 
260 |a Bratislava  |b Práca  |c 1964  |e [s.l.]  |f s.n. 
300 |a 62, [2] s.  |c 12° 
366 |e 30000 výtl. 
610 2 7 |a Revolučné odborové hnutie  |2 SNKKA  |9 36449 
655 7 |a stanovy  |2 SNKPH  |9 70547 
852 |a Slovenská národná knižnica 
954 |a odborná, vedecká literatúra pôvodná (slovenská)  |2 lita 
958 |a OND 
958 |a TL 
958 |a RK 
958 |a BQ 
958 |a SP 
958 |a EUIPO 
999 |c 1165256  |d 1167186 
952 |a SNK  |b SNK  |y PREZ  |7 0  |p 17A0744258  |o snkSE 3628  |i snkKSP 2083/64  |0 0  |1 0  |4 0  |d 2018-04-11  |f 1  |l 0  |r 2026-02-24 20:46:44  |w 2026-02-24 
952 |a SNK  |b SNK  |y VYP  |7 0  |p 17A1190552  |o snkSE 3628 D1  |i snkKSP 2084/64  |0 0  |1 0  |4 0  |d 2018-09-25  |l 0  |r 2026-02-24 20:46:44  |w 2026-02-24